[Event "Wiesbaden op 29th"]
[Site "Wiesbaden"]
[Date "2017.08.24"]
[Round "1"]
[White "Goloborodko, Dimitri"]
[Black "Meyer, Marcel"]
[Result "1-0"]
[WhiteElo "2114"]
[BlackElo "1748"]
[PlyCount "77"]
[EventDate "2017.08.24"]
[EventType "swiss"]
[EventRounds "7"]
[EventCountry "GER"]
[SourceTitle "CBM 180 Extra"]
[Source "ChessBase"]
[SourceDate "2017.10.06"]
[SourceVersion "1"]
[SourceVersionDate "2017.10.06"]
[SourceQuality "1"]

1. d4 Nf6 2. c4 e6 3. Nc3 Bb4 4. e3 c5 5. Bd3 b6 6. Nge2 Bb7 7. 0-0 0-0 8. a3 cxd4 9. exd4 Be7 10. b3 d5 11. Ng3 Nc6 12. Be3 Rc8 13. cxd5 Nxd5 14. Nxd5 Qxd5 15. Be4 Qd7 16. d5 exd5 17. Bf5 Qd6 18. Bxc8 Bxc8 19. Qd2 Be6 20. Bg5 f6 21. Bf4 Ne5 22. Rfd1 Rd8 23. Ne2 Qd7 24. Nd4 Bg4 25. Re1 Ng6 26. Bg3 Bc5 27. Rac1 Bd6 28. Nc6 Bxa3 29. Nxd8 Bxc1 30. Rxc1 Qxd8 31. Rc7 a6 32. Qd4 Qe8 33. Qxd5+ Kh8 34. h3 Be6 35. Qb7 Qg8 36. Qxa6 Qd8 37. Qxb6 Qd1+ 38. Kh2 Qxb3 39. Qa7 1-0

[Event "Hessen-ch op-A"]
[Site "Floersheim"]
[Date "2016.05.08"]
[Round "7"]
[White "Krastev, Alexander"]
[Black "Goloborodko, Dimitri"]
[Result "1/2-1/2"]
[WhiteElo "1931"]
[BlackElo "2090"]
[PlyCount "141"]
[EventDate "2016.05.05"]
[EventType "swiss"]
[EventRounds "7"]
[EventCountry "GER"]
[SourceTitle "EXT 2022"]
[Source "ChessBase"]
[SourceDate "2021.10.06"]
[SourceVersion "1"]
[SourceVersionDate "2021.10.06"]
[SourceQuality "1"]

1. e4 e6 2. Nf3 d5 3. Nc3 dxe4 4. Nxe4 Nf6 5. Nxf6+ Qxf6 6. d4 h6 7. Bd3 c5 8. Be3 Nc6 9. 0-0 cxd4 10. Nxd4 Be7 11. Nxc6 bxc6 12. Be4 e5 13. Qf3 Qxf3 14. Bxf3 Kd7 15. c4 Kc7 16. a3 a5 17. Rfe1 Be6 18. Bd2 f6 19. b4 Rhd8 20. Bc3 axb4 21. Bxb4 Bxb4 22. axb4 Bxc4 23. Rac1 Bd5 24. b5 Bxf3 25. gxf3 Rd6 26. Rxc6+ Rxc6 27. bxc6 Kxc6 28. Rd1 Ra7 29. Kg2 Rd7 30. Ra1 Kd6 31. Kg3 Ke6 32. Ra6+ Kf5 33. Ra5 Rd3 34. Ra4 g5 35. h3 h5 36. Rb4 Rd1 37. Ra4 Rg1+ 38. Kh2 Rf1 39. Kg2 Rd1 40. Kg3 Rd4 41. Ra5 Rd3 42. Ra4 h4+ 43. Kg2 Rd4 44. Ra3 Kf4 45. Rb3 f5 46. Re3 e4 47. fxe4 Rxe4 48. Rf3+ Ke5 49. Ra3 g4 50. Rb3 Kf4 51. Ra3 Re2 52. Kf1 Rd2 53. hxg4 fxg4 54. Kg1 Re2 55. Kf1 Re4 56. Kg2 h3+ 57. Kf1 Re1+ 58. Kxe1 h2 59. Re3 h1Q+ 60. Ke2 Qc1 61. Rg3 Qa1 62. Re3 Qg1 63. Rd3 Qh1 64. Re3 Qg2 65. Ke1 Qd5 66. Ke2 Qc4+ 67. Ke1 Qb5 68. Rg3 Qc6 69. Kf1 Qh1+ 70. Ke2 Qc1 71. Re3 1/2-1/2

[Event "Rhein Main op-A 18th"]
[Site "Bad Homburg"]
[Date "2015.06.06"]
[Round "6"]
[White "Goloborodko, Dimitri"]
[Black "Kuhn, Gerhard"]
[Result "1/2-1/2"]
[WhiteElo "2096"]
[BlackElo "1957"]
[PlyCount "89"]
[EventDate "2015.06.03"]
[EventType "swiss"]
[EventRounds "7"]
[EventCountry "GER"]
[SourceTitle "CBM 167 Extra"]
[Source "ChessBase"]
[SourceDate "2015.09.14"]
[SourceVersion "1"]
[SourceVersionDate "2015.09.14"]
[SourceQuality "1"]

1. e4 c6 2. c4 d5 3. exd5 cxd5 4. cxd5 Nf6 5. Bb5+ Nbd7 6. Nc3 g6 7. d4 Bg7 8. d6 exd6 9. Qe2+ Qe7 10. Bf4 Qxe2+ 11. Ngxe2 a6 12. Ba4 0-0 13. Bxd6 Re8 14. Bc2 b6 15. 0-0 Bb7 16. Bf4 Nd5 17. Rfd1 Rac8 18. Bb3 Nxf4 19. Nxf4 Nf6 20. Re1 Kf8 21. Rxe8+ Rxe8 22. Rd1 Rd8 23. h3 b5 24. a3 g5 25. Nfe2 Ne4 26. Bc2 Nd6 27. b3 h6 28. f3 f5 29. Kf2 f4 30. g3 fxg3+ 31. Kxg3 Ke7 32. Be4 Bc8 33. Nd5+ Ke6 34. Ne3 Kf6 35. Rc1 Bf8 36. a4 bxa4 37. bxa4 Nf5+ 38. Nxf5 Bxf5 39. Rc6+ Rd6 40. Rc1 Bd7 41. Rc4 Be6 42. Rc6 Bd7 43. Rc4 Be6 44. Rc3 Bd7 45. Rc4 1/2-1/2

[Event "Wiesbaden op 24th"]
[Site "Wiesbaden"]
[Date "2012.08.24"]
[Round "3"]
[White "Goloborodko, Dimitri"]
[Black "Belz, Frank Martin"]
[Result "1/2-1/2"]
[WhiteElo "2124"]
[BlackElo "1969"]
[PlyCount "48"]
[EventDate "2012.08.23"]
[EventType "swiss"]
[EventRounds "7"]
[EventCountry "GER"]
[SourceTitle "CBM 150 Extra"]
[Source "ChessBase"]
[SourceDate "2012.10.19"]
[SourceVersion "1"]
[SourceVersionDate "2012.10.19"]
[SourceQuality "1"]

1. d4 d5 2. c4 c6 3. Nf3 Nf6 4. Nc3 dxc4 5. e3 b5 6. a4 b4 7. Na2 e6 8. Bxc4 Be7 9. 0-0 0-0 10. b3 a5 11. Bb2 Nbd7 12. Nc1 c5 13. Nd3 Bb7 14. Nfe5 cxd4 15. Bxd4 Nxe5 16. Nxe5 Bd6 17. Rc1 Qb8 18. f4 Rd8 19. Qe2 Be4 20. Qb2 Qb7 21. Nf3 Ne8 22. Ng5 Bd5 23. Bb5 f6 24. Nf3 Rac8 1/2-1/2

[Event "Wiesbaden op 24th"]
[Site "Wiesbaden"]
[Date "2012.08.23"]
[Round "1"]
[White "Goloborodko, Dimitri"]
[Black "Bratmann, Marc"]
[Result "1-0"]
[WhiteElo "2124"]
[BlackElo "1746"]
[PlyCount "47"]
[EventDate "2012.08.23"]
[EventType "swiss"]
[EventRounds "7"]
[EventCountry "GER"]
[SourceTitle "CBM 150 Extra"]
[Source "ChessBase"]
[SourceDate "2012.10.19"]
[SourceVersion "1"]
[SourceVersionDate "2012.10.19"]
[SourceQuality "1"]

1. d4 d5 2. c4 e6 3. Nc3 c5 4. Nf3 Nc6 5. e3 Nf6 6. a3 dxc4 7. Bxc4 a6 8. dxc5 Qxd1+ 9. Kxd1 Bxc5 10. b4 b5 11. Nxb5 0-0 12. Nc3 Rd8+ 13. Ke2 Be7 14. Bb2 Ra7 15. Rhd1 Rad7 16. Rxd7 Rxd7 17. Rc1 Bb7 18. Bd3 Bd8 19. Na4 Be7 20. Nc5 Bxc5 21. Rxc5 Rd5 22. Rc1 Nd7 23. e4 Rd6 24. e5 1-0

[Event "Rhein Main op-A 15th"]
[Site "Bad Homburg"]
[Date "2012.06.07"]
[Round "3"]
[White "Goloborodko, Dimitri"]
[Black "Schroeder, Jan Christian"]
[Result "1/2-1/2"]
[WhiteElo "2125"]
[BlackElo "2306"]
[PlyCount "197"]
[EventDate "2012.06.06"]
[EventType "swiss"]
[EventRounds "7"]
[EventCountry "GER"]
[SourceTitle "EXT 2013"]
[Source "ChessBase"]
[SourceDate "2012.11.22"]
[SourceVersion "1"]
[SourceVersionDate "2012.11.22"]
[SourceQuality "1"]

1. d4 d5 2. c4 e6 3. Nc3 Be7 4. Nf3 Nf6 5. Bg5 h6 6. Bh4 0-0 7. e3 Ne4 8. Bxe7 Qxe7 9. Bd3 Nxc3 10. bxc3 dxc4 11. Bxc4 b6 12. 0-0 Bb7 13. Qe2 c5 14. Ne5 Nd7 15. f4 Nxe5 16. fxe5 Rac8 17. Rf4 cxd4 18. cxd4 Qb4 19. Bd3 Qa3 20. Rd1 Rc3 21. h3 Bd5 22. Rf2 Bxa2 23. Qxa2 Rxd3 24. Rxd3 Qxd3 25. Qxa7 Qxe3 26. Qxb6 Rc8 27. Qb2 Rd8 28. Qb7 Rxd4 29. Qxf7+ Kh7 30. Qf3 Qxe5 31. Qb3 Qe1+ 32. Rf1 Qe4 33. Qg3 Rd5 34. Re1 Qd4+ 35. Kh1 Rf5 36. Qb3 Qd5 37. Qc2 h5 38. Rd1 Qc5 39. Qe4 Qe5 40. Qd3 h4 41. Rf1 Qd5 42. Qe2 Qb5 43. Rb1 Qe5 44. Qd3 Qd5 45. Qc2 Qd4 46. Re1 Qf6 47. Qe4 g6 48. Kh2 e5 49. Qb7+ Kh6 50. Qc8 Rf4 51. Qc3 Rd4 52. Kh1 Qf2 53. Rg1 Qe2 54. Qc8 Rd1 55. Rxd1 Qxd1+ 56. Kh2 Qd4 57. Qf8+ Kh5 58. Qf3+ Kg5 59. Kh1 Qf4 60. Qb7 e4 61. Qe7+ Kh6 62. Qd8 e3 63. Qh8+ Kg5 64. Qd8+ Qf6 65. Qd3 Qe7 66. Qe2 Kh6 67. Kg1 Qe4 68. Qf1 e2 69. Qf8+ Kh5 70. Qh8+ Kg5 71. Qd8+ Kf5 72. Qd7+ Kf4 73. Qc7+ Ke3 74. Qc1+ Kd4 75. Qb2+ Kc5 76. Qa3+ Kd5 77. Qa8+ Ke5 78. Qb8+ Ke6 79. Qe8+ Kf5 80. Qf8+ Ke5 81. Qb8+ Kd4 82. Qb2+ Kc4 83. Qa2+ Kc3 84. Qa1+ Kd2 85. Qa5+ Ke3 86. Qg5+ Kd3 87. Qb5+ Qc4 88. Qb1+ Qc2 89. Qb5+ Kd2 90. Qg5+ Kd1 91. Qd5+ Qd2 92. Qb3+ Kc1 93. Qa3+ Kc2 94. Qa2+ Kc3 95. Qa3+ Kd4 96. Qa7+ Ke4 97. Qe7+ Kf5 98. Qf7+ Kg5 99. Qe7+ 1/2-1/2

[Event "Rhein Main op-A 15th"]
[Site "Bad Homburg"]
[Date "2012.06.06"]
[Round "1"]
[White "Goloborodko, Dimitri"]
[Black "Hebbering, Tom Elliot"]
[Result "1-0"]
[WhiteElo "2125"]
[BlackElo "1931"]
[PlyCount "39"]
[EventDate "2012.06.06"]
[EventType "swiss"]
[EventRounds "7"]
[EventCountry "GER"]
[SourceTitle "EXT 2013"]
[Source "ChessBase"]
[SourceDate "2012.11.22"]
[SourceVersion "1"]
[SourceVersionDate "2012.11.22"]
[SourceQuality "1"]

1. d4 Nf6 2. c4 c5 3. d5 e6 4. Nc3 exd5 5. cxd5 d6 6. e4 g6 7. Nf3 Bg7 8. Bd3 0-0 9. 0-0 Bg4 10. h3 Bxf3 11. Qxf3 a6 12. a4 Nbd7 13. Bf4 Qc7 14. Rfc1 Nh5 15. Bh2 Ne5 16. Qe2 Nxd3 17. Qxd3 Bd4 18. Nd1 Ng7 19. Qxd4 f5 20. e5 1-0

[Event "Hessen-chA"]
[Site "Offenbach"]
[Date "2012.04.06"]
[Round "5"]
[White "Feicht, Arno"]
[Black "Goloborodko, Dimitri"]
[Result "1-0"]
[WhiteElo "2040"]
[BlackElo "2131"]
[PlyCount "81"]
[EventDate "2012.04.05"]
[EventType "swiss"]
[EventRounds "7"]
[EventCountry "GER"]
[SourceTitle "EXT 2013"]
[Source "ChessBase"]
[SourceDate "2012.11.22"]
[SourceVersion "1"]
[SourceVersionDate "2012.11.22"]
[SourceQuality "1"]

1. e4 e6 2. d4 d5 3. Nc3 Nf6 4. Bg5 Be7 5. e5 Nfd7 6. h4 h6 7. Bxe7 Qxe7 8. f4 a6 9. Qg4 Kd8 10. h5 c5 11. Nf3 cxd4 12. Nxd4 Nc6 13. 0-0-0 Nxd4 14. Rxd4 f5 15. Qd1 b5 16. a3 Rb8 17. b4 Nb6 18. g4 fxg4 19. Qxg4 Nc4 20. Bxc4 bxc4 21. Kd2 a5 22. Ra1 Qa7 23. f5 axb4 24. axb4 Qxa1 25. fxe6 Qa7 26. Rf4 Ke8 27. Nxd5 c3+ 28. Ke1 Rb7 29. Rc4 Qb8 30. Nf6+ Kf8 31. e7+ Kxe7 32. Qxg7+ Ke6 33. Rc6+ Kxe5 34. Nd7+ Kd5 35. Qg2+ Kd4 36. Qf2+ Ke4 37. Rc4+ Kd5 38. Qd4+ Ke6 39. Nxb8 Re8 40. Rxc8 Rxb8 41. Rxb8 1-0

[Event "Wiesbaden op 23rd"]
[Site "Wiesbaden"]
[Date "2011.08.28"]
[Round "7"]
[White "Goloborodko, Dimitri"]
[Black "Barisch, Florian"]
[Result "1-0"]
[WhiteElo "2123"]
[BlackElo "1954"]
[PlyCount "70"]
[EventDate "2011.08.25"]
[EventType "swiss"]
[EventRounds "7"]
[EventCountry "GER"]
[SourceTitle "CBM 144 Extra"]
[Source "ChessBase"]
[SourceDate "2011.10.28"]
[SourceVersion "1"]
[SourceVersionDate "2011.10.28"]
[SourceQuality "1"]

1. d4 d5 2. c4 c6 3. Nf3 Nf6 4. Nc3 e6 5. e3 Bd6 6. Bd3 Nbd7 7. 0-0 0-0 8. a3 Qe7 9. e4 dxe4 10. Bxe4 h6 11. Bc2 c5 12. dxc5 Nxc5 13. b4 Ncd7 14. c5 Bb8 15. Qe2 a6 16. Bb2 Rd8 17. Rad1 Nf8 18. Rxd8 Qxd8 19. Rd1 Qe7 20. Ne4 Nxe4 21. Bxe4 Bc7 22. Qc4 Rb8 23. a4 Bd7 24. b5 axb5 25. axb5 Rd8 26. Ra1 f6 27. Bxb7 Be8 28. Be4 Qd7 29. b6 Bb8 30. c6 Qd6 31. c7 Bxc7 32. bxc7 Rc8 33. Rc1 Nd7 34. Bb7 Nb6 35. Qc5 Qxc5 1-0

[Event "Karl Mala Memorial op 14th"]
[Site "Frankfurt"]
[Date "2011.07.08"]
[Round "2"]
[White "Goloborodko, Dimitri"]
[Black "Berger, Manuel"]
[Result "1-0"]
[WhiteElo "2141"]
[BlackElo "1924"]
[PlyCount "65"]
[EventDate "2011.07.07"]
[EventType "swiss"]
[EventRounds "7"]
[EventCountry "GER"]
[SourceTitle "EXT 2012"]
[Source "ChessBase"]
[SourceDate "2011.11.24"]
[SourceVersion "1"]
[SourceVersionDate "2011.11.24"]
[SourceQuality "1"]

1. d4 d5 2. c4 Nc6 3. Nf3 e5 4. Nxe5 Nxe5 5. dxe5 d4 6. Qb3 c6 7. Bf4 f6 8. Nd2 g5 9. Bg3 f5 10. f4 Bh6 11. e3 dxe3 12. Qxe3 gxf4 13. Bxf4 Qh4+ 14. g3 Bxf4 15. Qxf4 Qxf4 16. gxf4 Ne7 17. Kf2 Ng6 18. Ke3 Be6 19. Nf3 Rd8 20. Be2 Ke7 21. Rad1 Rhg8 22. h4 Rxd1 23. Rxd1 Rd8 24. Rxd8 Kxd8 25. Nd4 Kd7 26. h5 Ne7 27. Bd3 a6 28. c5 Nd5+ 29. Kf3 Ne7 30. Nxe6 Kxe6 31. Bc4+ Kd7 32. Ke3 a5 33. Kd4 1-0

[Event "Rhein Main op-A 14th"]
[Site "Bad Homburg"]
[Date "2011.06.24"]
[Round "4"]
[White "Bader, Gerd"]
[Black "Goloborodko, Dimitri"]
[Result "1/2-1/2"]
[WhiteElo "2018"]
[BlackElo "2123"]
[PlyCount "49"]
[EventDate "2011.06.22"]
[EventType "swiss"]
[EventRounds "7"]
[EventCountry "GER"]
[SourceTitle "EXT 2012"]
[Source "ChessBase"]
[SourceDate "2011.11.24"]
[SourceVersion "1"]
[SourceVersionDate "2011.11.24"]
[SourceQuality "1"]

1. e4 e6 2. d3 c5 3. g3 Nc6 4. Bg2 g6 5. Nc3 Bg7 6. Be3 d6 7. Qd2 Nge7 8. Bh6 0-0 9. h4 Nd4 10. Bxg7 Kxg7 11. h5 Ng8 12. Nge2 Nxe2 13. Nxe2 g5 14. f4 f6 15. 0-0-0 e5 16. Bh3 h6 17. Nc3 Ne7 18. Rdf1 Bxh3 19. Rxh3 Qd7 20. Rhh1 b5 21. Rf3 b4 22. Ne2 Nc6 23. Qe3 Rf7 24. Rhf1 Raf8 25. Kb1 1/2-1/2

[Event "Rhein Main op 13th"]
[Site "Bad Homburg"]
[Date "2010.06.05"]
[Round "5"]
[White "Braunberger, Gerald"]
[Black "Goloborodko, Dimitri"]
[Result "0-1"]
[WhiteElo "1887"]
[BlackElo "2157"]
[PlyCount "36"]
[EventDate "2010.06.02"]
[EventType "swiss"]
[EventRounds "7"]
[EventCountry "GER"]
[SourceTitle "EXT 2011"]
[Source "ChessBase"]
[SourceDate "2010.11.26"]
[SourceVersion "1"]
[SourceVersionDate "2010.11.26"]
[SourceQuality "1"]

1. e4 e6 2. d4 d5 3. Nc3 Bb4 4. exd5 exd5 5. Bd3 Nf6 6. Nge2 Bg4 7. f3 Bh5 8. Nf4 Bg6 9. Nxg6 hxg6 10. Bg5 Nc6 11. 0-0 Qd7 12. Ne2 Bd6 13. Nf4 0-0-0 14. c3 Rde8 15. Qa4 Nh7 16. Nh3 Nxg5 17. Nxg5 Bxh2+ 18. Kf2 Qe7 0-1

[Event "Rhein Main op 13th"]
[Site "Bad Homburg"]
[Date "2010.06.03"]
[Round "3"]
[White "Poetsch, Hagen"]
[Black "Goloborodko, Dimitri"]
[Result "1-0"]
[WhiteElo "2402"]
[BlackElo "2157"]
[PlyCount "85"]
[EventDate "2010.06.02"]
[EventType "swiss"]
[EventRounds "7"]
[EventCountry "GER"]
[SourceTitle "EXT 2011"]
[Source "ChessBase"]
[SourceDate "2010.11.26"]
[SourceVersion "1"]
[SourceVersionDate "2010.11.26"]
[SourceQuality "1"]

1. e4 e6 2. Nf3 d5 3. Nc3 Nf6 4. e5 Nfd7 5. d4 c5 6. dxc5 Nc6 7. Bf4 Bxc5 8. Bd3 f6 9. exf6 Qxf6 10. Bg3 0-0 11. 0-0 Nd4 12. Nxd4 Bxd4 13. Qe2 Ne5 14. Nb5 Nxd3 15. cxd3 Bd7 16. Nxd4 Qxd4 17. Be5 Qh4 18. f4 Rac8 19. Rf3 Qe7 20. Bd4 a6 21. Rg3 Rf7 22. Qe5 Kf8 23. Rf1 Bb5 24. b4 Ke8 25. Re1 Rc6 26. Bc5 Qf6 27. Qxd5 Rd7 28. Qe4 b6 29. Bf2 g6 30. Rg5 Rcd6 31. Re5 Kf7 32. d4 Bc4 33. a3 Bd5 34. Qd3 b5 35. Qh3 h5 36. Bh4 Qh8 37. Qg3 Rc6 38. f5 gxf5 39. Qg5 Be4 40. R5xe4 Rxd4 41. Qe7+ Kg8 42. Qe8+ Kh7 43. Qxh5+ 1-0